<?xml version="1.0" encoding="UTF-8"?>
<record
    xmlns:xsi="http://www.w3.org/2001/XMLSchema-instance"
    xsi:schemaLocation="http://www.loc.gov/MARC21/slim http://www.loc.gov/standards/marcxml/schema/MARC21slim.xsd"
    xmlns="http://www.loc.gov/MARC21/slim">

  <leader>00595nam a22002057a 4500</leader>
  <controlfield tag="005">20250729114703.0</controlfield>
  <datafield tag="010" ind1=" " ind2=" ">
    <subfield code="a">B-740593 ENG-146234</subfield>
  </datafield>
  <datafield tag="020" ind1=" " ind2=" ">
    <subfield code="a">9780143419549</subfield>
    <subfield code="c">1999.00</subfield>
  </datafield>
  <datafield tag="035" ind1=" " ind2=" ">
    <subfield code="a">B-740593</subfield>
  </datafield>
  <datafield tag="035" ind1=" " ind2=" ">
    <subfield code="a">EN-129766</subfield>
  </datafield>
  <datafield tag="037" ind1=" " ind2=" ">
    <subfield code="b">Gift</subfield>
  </datafield>
  <datafield tag="037" ind1=" " ind2=" ">
    <subfield code="b">DBAD</subfield>
  </datafield>
  <datafield tag="082" ind1=" " ind2=" ">
    <subfield code="a">503</subfield>
  </datafield>
  <datafield tag="245" ind1=" " ind2=" ">
    <subfield code="a">Ultimate family visual dictionary</subfield>
  </datafield>
  <datafield tag="260" ind1=" " ind2=" ">
    <subfield code="b">Dorling Kindersley Book</subfield>
    <subfield code="c">2013</subfield>
    <subfield code="a">London</subfield>
  </datafield>
  <datafield tag="270" ind1=" " ind2=" ">
    <subfield code="a">80 Strand</subfield>
    <subfield code="b">London</subfield>
  </datafield>
  <datafield tag="300" ind1=" " ind2=" ">
    <subfield code="a">672p.:</subfield>
    <subfield code="c">24cm(Hb)</subfield>
    <subfield code="b">ill.</subfield>
  </datafield>
  <datafield tag="942" ind1=" " ind2=" ">
    <subfield code="2">ddc</subfield>
    <subfield code="c">RF</subfield>
    <subfield code="m">ULT</subfield>
    <subfield code="h">503</subfield>
  </datafield>
  <datafield tag="999" ind1=" " ind2=" ">
    <subfield code="c">179775</subfield>
    <subfield code="d">179775</subfield>
  </datafield>
  <datafield tag="952" ind1=" " ind2=" ">
    <subfield code="0">0</subfield>
    <subfield code="1">0</subfield>
    <subfield code="4">0</subfield>
    <subfield code="7">1</subfield>
    <subfield code="8">NFIC</subfield>
    <subfield code="a">L</subfield>
    <subfield code="b">L</subfield>
    <subfield code="d">2021-07-08</subfield>
    <subfield code="e">Gift/Eng/07-07-2021</subfield>
    <subfield code="g">1999.00</subfield>
    <subfield code="l">0</subfield>
    <subfield code="o">503 ULT</subfield>
    <subfield code="p">B-740593</subfield>
    <subfield code="r">2021-07-08 00:00:00</subfield>
    <subfield code="t">1</subfield>
    <subfield code="v">1999.00</subfield>
    <subfield code="y">RF</subfield>
    <subfield code="z">Gift</subfield>
  </datafield>
  <datafield tag="952" ind1=" " ind2=" ">
    <subfield code="0">0</subfield>
    <subfield code="1">0</subfield>
    <subfield code="4">0</subfield>
    <subfield code="7">0</subfield>
    <subfield code="8">NFIC</subfield>
    <subfield code="a">M</subfield>
    <subfield code="b">M</subfield>
    <subfield code="d">2025-07-29</subfield>
    <subfield code="e">Delivery of Books Act Division</subfield>
    <subfield code="g">1999.00</subfield>
    <subfield code="l">0</subfield>
    <subfield code="o">ULT 503</subfield>
    <subfield code="p">EN-129766</subfield>
    <subfield code="r">2025-07-29 00:00:00</subfield>
    <subfield code="t">1</subfield>
    <subfield code="v">1999.00</subfield>
    <subfield code="w">2025-07-29</subfield>
    <subfield code="y">RF</subfield>
  </datafield>
</record>
